| 000 | 01220nam a2200325 4500 | ||
|---|---|---|---|
| 001 | 253 | ||
| 003 | OSt | ||
| 005 | 20250528074016.0 | ||
| 008 | 250220b |||||||g |||| 00| 1 eng d | ||
| 040 | _bpor | ||
| 041 |
_hspa _apor |
||
| 082 |
_a863 _bC419n |
||
| 100 | 1 |
_aCervantes Saavedra, Miguel de _d1547-1616 _9238 |
|
| 240 | _aNovelas ejemplares | ||
| 245 |
_aNovelas Exemplares / _cCervantes, Miguel de ; Tradução de Darly Nicolana Scornsienchi |
||
| 260 |
_aSão Paulo _bAbril _c1970 |
||
| 300 | _a255 p. | ||
| 490 | 1 |
_aOs imortais da literatura universal _vvol. 04 |
|
| 520 | _aNovelas Exemplares são uma série de novelas curtas que Miguel de Cervantes escreveu entre 1590 e 1612, e que depois acabaria publicando em 1613 em uma coleção editada em Madri por Juan da Custa, dada a grande acolhida que obteve com a primeira parte do Quijote. | ||
| 650 | 0 |
_aLiteratura espanhola _9144 |
|
| 650 | 0 |
_aAventura _947 |
|
| 650 | 0 |
_aAmor e Paixão _925 |
|
| 650 | 0 |
_aClássicos _977 |
|
| 650 | 0 |
_aNovela _9463 |
|
| 655 | 0 |
_aRomance _923 |
|
| 655 | 0 |
_aFicção _922 |
|
| 700 |
_aDarly Nicolana Scornsienchi _eTradução _9464 |
||
| 830 |
_aOs Imortais da Literatura Universal _vvol. 04 _9461 |
||
| 942 |
_2ddc _n0 _cBK |
||
| 999 |
_c253 _d253 |
||